000 00571nam a2200193Ia 4500
005 20250923145113.0
008 008 250917s9999 xx 000 0 eng d
037 _aTextual
040 _aDSWL
_beng
_cDSWL
041 _aeng
_2eng
084 _aYIN4'N65<-N46, N66
_qDSWL
100 _aEichelbeger, C.M.
_9831812
245 0 _aUN the first twenty years
_cby C.M. Eichelbeger
260 _aDelhi
_bSterling Publier (P) Ltd.
_c1966
365 _aINR
_b3
925 _g3
942 _cTEXL
_hYIN4'N65<-N46, N66
999 _c1447135
_d1447135